Oyfn bergl in Negev : (Record no. 32173)

MARC details
000 -LEADER
fixed length control field 00556cam a22002051i 4500
001 - CONTROL NUMBER
control field he 67000354
003 - CONTROL NUMBER IDENTIFIER
control field DLC
005 - DATE AND TIME OF LATEST TRANSACTION
control field 20260227111444.0
008 - FIXED-LENGTH DATA ELEMENTS--GENERAL INFORMATION
fixed length control field 861002s1966 is c 000 1 yid
010 ## - LIBRARY OF CONGRESS CONTROL NUMBER
LC control number he 67000354
035 ## - SYSTEM CONTROL NUMBER
System control number (OCoLC)19304841
040 ## - CATALOGING SOURCE
Original cataloging agency DLC
Transcribing agency MH
Modifying agency CU
-- DLC
042 ## - AUTHENTICATION CODE
Authentication code premarc
050 00 - LIBRARY OF CONGRESS CALL NUMBER
Classification number PJ5129.G45
Item number O9
100 1# - MAIN ENTRY--PERSONAL NAME
Personal name Gevirtzman, Riwka.
245 10 - TITLE STATEMENT
Title Oyfn bergl in Negev :
Remainder of title roman /
Statement of responsibility, etc. Rivḳe Geṿirtsman.
260 ## - PUBLICATION, DISTRIBUTION, ETC.
Place of publication, distribution, etc. [Tel-Aviv] :
Name of publisher, distributor, etc. Nay lebn,
Date of publication, distribution, etc. [1966?]
300 ## - PHYSICAL DESCRIPTION
Extent 392 p. :
Other physical details port. ;
Dimensions 23 cm.
752 ## - ADDED ENTRY--HIERARCHICAL PLACE NAME
Country or larger entity Israel
City Tel Aviv

No items available.

Powered by Koha